Bridges
Salvato in:
| Autori principali: | , |
|---|---|
| Natura: | Libro |
| Lingua: | inglese |
| Pubblicazione: |
Colonia
Könemann
1998
|
| Soggetti: | |
| Tags: |
Aggiungi Tag
Nessun Tag, puoi essere il primo ad aggiungerne!!
|
MARC
| LEADER | 00000nam a2200000 a 4500 | ||
|---|---|---|---|
| 001 | UCN0169 | ||
| 003 | CL-VaPUC | ||
| 008 | 010316e19980000GW |||||||||||||||||eng|d | ||
| 082 | 0 | 4 | |a 725.98 |b DUP |2 21 |
| 100 | 0 | |a Dupré, Judith |e author |9 455509 | |
| 700 | |a Gehry, Frank Owen |e author |9 335380 | ||
| 245 | 1 | 0 | |a Bridges |
| 300 | |a 128 p | ||
| 942 | |c BK | ||
| 945 | |d 20010316 00:00:00 |a cmena | ||
| 260 | |a Colonia |b Könemann |c 1998 | ||
| 650 | 0 | |a Puentes |9 268175 | |
| 650 | 0 | |a Arquitectura |9 804558 | |
| 583 | |a last modification |c 20010316 00:00:00 |k Rodrigo Vera | ||
| 999 | |c 294105 |d 294103 | ||
| 952 | |0 0 |1 0 |4 0 |6 725_980000000000000_DUP_1998 |7 0 |8 A |9 345961 |a BIBING |b BIBING |d 2019-11-20 |i 3657620 |o 725.98 DUP 1998 |p 3657620 |r 2025-01-20 |w 2019-11-20 |y BK |k CCL | ||